LIBRARY & INFORMATION CENTRE, KCAET, TAVANUR

ONLINE PUBLIC ACCESS CATALOGUE (OPAC)

Fundamental principles of road engineering / (Record no. 9576)

MARC details
000 -LEADER
fixed length control field 00406cam a2200157ua 4500
003 - CONTROL NUMBER IDENTIFIER
control field OSt
008 - FIXED-LENGTH DATA ELEMENTS--GENERAL INFORMATION
fixed length control field 250731b |||||||| |||| 00| 0 eng d
041 ## - LANGUAGE CODE
Language code of text/sound track or separate title eng
082 ## - DEWEY DECIMAL CLASSIFICATION NUMBER
Classification number 625.7
Item number PRI/FU
100 ## - MAIN ENTRY--AUTHOR NAME
Personal name Priyani Vasan, B .
245 ## - TITLE STATEMENT
Title Fundamental principles of road engineering /
250 ## - EDITION STATEMENT
Edition statement 7 /
260 ## - PUBLICATION, DISTRIBUTION, ETC. (IMPRINT)
Place of publication New Delhi,Tulsi :
Name of publisher Charotar book stall ,
Year of publication 1969.
300 ## - PHYSICAL DESCRIPTION
Number of Pages 326 ; .
942 ## - ADDED ENTRY ELEMENTS (KOHA)
Koha item type Books
Holdings
Withdrawn status Lost status Damaged status Home library Current library Date acquired Full call number Accession Number Koha item type
      KAUAET   07/04/2012 625.7 PRI/FU 11335 Books
      KAUAET KAUAET 07/04/2012 625.7 PRI/FU 2528 Books
      KAUAET KAUAET 07/04/2012 625.7 PRI/FU 13425 Books
free website counter